000 00703nam a2200217 a 4500
001 000025233
005 20200930023640.0
008 110211s1964 sp r 001 0 spa d
040 _aDO-SdBNP
_bspa
_cBNPHU
082 _axxxxx
_bS541v
100 1 _aSheen, Fulton J.
_951717
245 1 0 _aVida de Cristo /
_cFulton J. Sheen ; traducción Juan Godo Costa.
250 _a4a ed.
260 _aBarcelona, España :
_bHerder,
_c1964.
300 _a525 p. ;
_c22 cm.
500 _aIncluye índice analítico.
500 _aIncluye notas al pie de las páginas.
534 _aTítulo origina :
_tLife of christ,
_cNew York : Mc Graw-Hill, 1958.
700 1 _aGodo Costa, Juan,
_etr.
_951396
049 _aBNGR
999 _c24726
_d24726